- Brushwood, John S.
Entry Nombre Personal
001 - NUMERO DE CONTROL
- campo de control: 33236
003 - IDENTIFICADOR DE NUMERO DE CONTROL
- campo de control: DLC
005 - FECHA Y HORA DE LA ÜLTIMA TRANSACCIÓN
- campo de control: 20240209141532.0
008 - DATOS DE LONGITUD FIJA
- campo de control de longitud fija: 801231n| azannaabn |a aaa
010 ## - NÚMERO DE CONTROL DE LA BIBLIOTECA DEL CONGRESO
- Número de control LC: n 80155943
- Número de Control LC Cancelado/inválido: ns2015001314
035 ## - NUMERO DE CONTROL
- Número de control: (OCoLC)oca00535871
040 ## - FUENTE DE CATALOGACIÓN
- Agencia original de catalogación: DLC
- Lenguaje de catalogación: spa
- Description conventions: rda
- Agencia de transcripción: DLC
- Agencia que lo modifica: OO
- Agencia que lo modifica: OkU
- Agencia que lo modifica: OrU
- Agencia que lo modifica: UPB
- Agencia que lo modifica: OCoLC
- Agencia que lo modifica: HU
- Agencia que lo modifica: MX-MxUPN
046 ## - FECHAS CON CODIFICACIÓN ESPECIAL
- Fecha de nacimiento: 1920-01-23
- Fecha de muerte: 2007-05-27
- Fuente del formato de fecha: edtf
100 1# - ENCABEZAMIENTO - NOMBRE PERSONAL
- Nombre personal: Brushwood, John S.
- Fuller form of name: (John Stubbs),
- Fechas asociadas con el nombre: 1920-2007
370 ## - LUGAR ASOCIADO
- Place of birth: Virginia (Estados Unidos)
372 ## - CAMPO DE ACTIVIDAD
- Field of activity: Literatura hispanoamericana
373 ## - GRUPO ASOCIADO
- Associated group: University of Kansas
- Fuente del término: naf
374 ## - OCUPACIÓN
- Occupation: Profesor universitarios
- Occupation: Traductor
377 ## - LENGUA ASOCIADA
- Language code: eng
- Language code: spa
378 ## - FORMA COMPLETA DE NOMBRE PERSONAL
- Fuller form of personal name: John Stubbs
400 1# - VEÁSE - NOMBRE DE PERSONA
- Control subfield: nne
- Personal name: Brushwood, John Stubbs,
- Dates associated with a name: 1920-2007
670 ## - FUENTE EN LA QUE SE LOCALIZARON DATOS
- Cita de la fuente: Otilia's body, 1994:
- Información localizada: portada (John Brushwood) p. 4 of cover (prof. emeritus of Spanish & Portuguese at the Univ. of Kan., Lawrence)
670 ## - FUENTE EN LA QUE SE LOCALIZARON DATOS
- Cita de la fuente: OCLC, July 10, 2012
- Información localizada: (usage: John S. Brushwood, John Brushwood)
670 ## - FUENTE EN LA QUE SE LOCALIZARON DATOS
- Cita de la fuente: LJ world, via WWW, July 10, 2012:
- Información localizada: obituaries (b. Jan. 23, 1920; d. May 27, 2007)
670 ## - FUENTE EN LA QUE SE LOCALIZARON DATOS
- Cita de la fuente: Una especial elegancia, 1998:
- Información localizada: portada (John Brushwood) solapa (John Brushwood; born 23 January 1920 in Virginia, US; researcher, translator, and academic; received Ph. D. from Columbia University)
670 ## - FUENTE EN LA QUE SE LOCALIZARON DATOS
- Cita de la fuente: Brushwood, J. S. La novela mexicana, (1967-1982), c1985:
- Información localizada: portada (John S. Brushwood)
670 ## - FUENTE EN LA QUE SE LOCALIZARON DATOS
- Cita de la fuente: LC data base, Apr. 13, 2014:
- Información localizada: (John S. Brushwood; usage: Brushwood, John Stubbs, 1920-)
670 ## - FUENTE EN LA QUE SE LOCALIZARON DATOS
- Cita de la fuente: Academia Mexicana de la Lengua, via Web, Apr. 13, 2014:
- Información localizada: (John Stubbs Brushwood, Glenns, Virginia, E. U. A, Fecha de nacimiento: 23 de enero de 1920; fecha de defunción: 27 de mayo de 2007)
670 ## - FUENTE EN LA QUE SE LOCALIZARON DATOS
- Cita de la fuente: La barbarie elegante : ensayos y esperiencias en torno a algunas novelas hispanoamericanas del siglo XIX, 1988:
- Información localizada: portada (John S. Brushwood)
902 ## - CATALOGADOR
- Catalogador: Víctor Ruiz/090224
